Almost Useless Trivia #2 - Statistics

General Stats
  • This quiz has been taken 231 times
  • The average score is 15 of 20
Answer Stats
Hint Answer % Correct
Arachnophobia is the fear of what? Spiders
95%
What is the only country to begin with the letter 'O'? Oman
88%
What organ is affected by hepatitis? Liver
86%
What color can be found on the flags of Guinea, Gabon and Bangladesh? Green
84%
What does the N stand for in the acronym NATO? North
82%
What is the capital city of Peru? Lima
81%
There are sixteen of what piece in a standard game of chess? Pawns
81%
What country completely surrounds Lesotho? South Africa
81%
What 1999 futuristic movie featured Keanu Reeves as Neo and Laurence Fishburne as Morpheus? The Matrix
81%
What number is the average (mean) of 30, 10 and 8? 16
79%
What is the highest 2-digit prime number? 97
75%
What Zodiac sign is represented by the crab? Cancer
74%
What is the name of Sherlock Holmes' trusted doctor sidekick? Dr. John Watson
74%
What is the capital of Wales? Cardiff
71%
Which of Santa's reindeer shares its name with a Roman god of love? Cupid
68%
What blue gem is the birthstone for the month of September? Sapphire
65%
Who is the Greek goddess of wisdom? Athena
61%
After Manchester United, what London team has the most Premier League championships? Chelsea
58%
Which British Prime Minister's last name can be rearranged to spell ROMANCE? David Cameron
38%
Which Canadian Province comes last in an alphabetical list? Saskatchewan
25%
No matching quizzes found
Score Distribution
Percent of People with Each Score
Percentile by Number Answered
Your Score History
You have not taken this quiz